| 000 | 01442nac a22003011i 4500 | ||
|---|---|---|---|
| 003 | EG-ScBUE | ||
| 005 | 20231219103601.0 | ||
| 008 | 121015s1981 ua a af b 001 0 ara d | ||
| 017 | _a1981 / 2152 | ||
| 020 | _a9777341857 | ||
| 040 |
_aEG-ScBUE _bara _erda _cEG-ScBUE _dEG-ScBUE |
||
| 043 | _af-ua--- | ||
| 082 | 0 | 4 |
_a962.03 _bر ا ف _222 |
| 100 | 1 |
_aرافعي، عبد الرحمن، _d1889-1966، _eمؤلف. _931110 |
|
| 245 | 1 | 0 |
_aتاريخ الحركة القومية وتطور نظام الحكم في مصر / _cبقلم عبد الرحمن الرافعي. |
| 250 | _aالطبعة الخامسة. | ||
| 264 | 1 |
_aالقاهرة : _bدار المعارف، _c1981. |
|
| 300 |
_a449 صفحة : _bإيضاحيات ؛ _c24 سم |
||
| 336 |
_2rdacontent _aنص _btxt |
||
| 337 |
_aبدون وسيط _2rdamedia _bn |
||
| 338 |
_aمجلد _bnc _2rdacarrier |
||
| 504 | _aيشتمل على إرجاعات ببليوجرافية وكشافات. | ||
| 505 | 0 | _aالمجلد الأول. يتضمن ظهور الحركة القومية في تاريخ مصر الحديث، وبيان الدور الأول من أدوارها في عهد الحملة الفرنسية، وتاريخ مصر القومي في هذا العهد. | |
| 650 | 7 |
_2BUEsh _aالحركات القومية _zمصر. |
|
| 651 |
_aمصر _xتاريخ _yالحملة الفرنسية (1798-1801 م.). _2BUEsh _914834 |
||
| 655 | _vReading book | ||
| 942 |
_cBB _2ddc |
||
| 999 |
_c6394 _d6394 |
||